Statistics for Divided Islands!

Click here to take the quiz!

General Stats

  • This quiz has been taken 70 times
    (50 since last reset)
  • The average score is 6 of 16

Answer Stats

Country 1Country 2Country 3?Answer% Correct
MalaysiaIndonesiaBruneiBorneo
100%
HaitiDominican RepublicHispaniola
92%
Papua New GuineaIndonesiaNew Guinea
81%
United KingdomIrelandIreland
75%
FranceNetherlandsSaint Martin
72%
IndonesiaEast TimorTimor
64%
ArgentinaChileTierra Del Fuego
44%
GermanyPolandUsedom
19%
SwedenFinlandMärket
17%
Saudi ArabiaBahrainMiddle Island
17%
FranceSpainPheasant Island
11%
IndonesiaMalaysiaSebatik
11%
United StatesCanadaCurrys Island
6%
SwedenFinlandKataja
6%
FinlandRussiaKoiluoto
6%
RussiaFinlandVanhasaari
6%

Score Distribution

Percentile by Number Answered

Percent of People with Each Score

Your Score History

You have not taken this quiz since the last reset